Desarrollo de un programa para el estudio de intermodulaciones
Gardado en:
| Autor Principal: | |
|---|---|
| Outros autores: | |
| Formato: | Libro |
| Publicado: |
[San José , Costa Rica]
1994
|
| Materias: | |
| Etiquetas: |
Engadir etiqueta
Sen Etiquetas, Sexa o primeiro en etiquetar este rexistro!
|
MARC
| LEADER | 00000nam a2200000Ia 4500 | ||
|---|---|---|---|
| 003 | 007053 | ||
| 005 | 20221231144313.0 | ||
| 008 | 140114s1994 cr a m 000 ||s d | ||
| 040 | |c cru CEDI | ||
| 090 | |a TFG 2812 | ||
| 100 | |a Induni Alfaro, Plinio |9 11917 | ||
| 245 | |a Desarrollo de un programa para el estudio de intermodulaciones | ||
| 260 | |c 1994 |a [San José , Costa Rica] | ||
| 300 | |a x, 77hojas : ilustraciones | ||
| 500 | |a Proyecto de graduación (bachillerato en ingeniería eléctrica)-- Universidad de Costa Rica. Facultad de Ingeniería. Escuela de Ingeniería Eléctrica | ||
| 650 | |x MODULACION (ELECTRONICA) |x MODULACION DE IMPULSOS EN FRECUENCIA |9 11918 | ||
| 700 | |9 5860 |a Hernández Amador, Robert | ||
| 942 | |c TFG |2 ddc | ||
| 999 | |c 19852 |d 19852 | ||
